000 00837cam a2200265 i 4500
005 20131011074351.0
008 870514s1977 nyua b 001 0 eng
020 _a039309183X
041 0 _aeng
080 _a172.15
100 1 _aRich, Norman.
245 1 4 _aThe age of nationalism and reform, 1850-1890 /
_cNorman Rich ; [cartography by Harold K. Faye, picture research by Liesel Bennett].
250 _a2d ed.
260 _aNew York :
_bNorton,
_cc1977.
300 _axv, 270 p. :
_bill. ;
_c21 cm.
490 1 _aThe Norton history of modern Europe
500 _aIncludes index.
504 _aBibliography: p. 251-260.
650 0 _aNacionalizmi
650 0 _aReformacioni
651 0 _aEurope
_xHistory
_y1848-1871.
651 0 _aEurope
_xHistory
_y1871-1918.
830 0 _aNorton history of modern Europe.
942 _2udc
_cBK
999 _c105
_d105